00684cam a2200181 a 450000100100000000500170001000800410002703500190006804000300008708200190011710000240013624500710016026001610023130000270039253400290041965000250044865000290047300001244520200929163026.0840604s1982 ve a 000 0 spa  a(DLC) 83463027 aDO-SdBNPcDLCdDLCdBNPHU a371.203bB826e1 aBravo Boada, Edith.13aUn enfoque humanístico de la supervisión /cEdith Bravo Boada. aCaracas :bMinisterio de Educación :bOficina Ministerial de Información y Relaciones :bDivisión de Publicaciones :bDepartamento de Imprenta,c1982. a98 p. :bil. ;c22 cm. aBibliografía: p 97-98. 4aInspección escolar 4aAdministración escolar